AFL Premiers (Updated 2024) - Statistics

General Stats
  • This quiz has been taken 58 times
  • The average score is 44 of 45
Answer Stats
Year Team % Correct
2024 Brisbane
100%
2003 Brisbane
100%
2002 Brisbane
100%
2001 Brisbane
100%
2023 Collingwood
100%
2010 Collingwood
100%
1990 Collingwood
100%
2000 Essendon
100%
1993 Essendon
100%
1985 Essendon
100%
1984 Essendon
100%
1999 North Melbourne
100%
1996 North Melbourne
100%
2020 Richmond
100%
2019 Richmond
100%
2017 Richmond
100%
1980 Richmond
100%
2012 Sydney
100%
2005 Sydney
100%
2018 West Coast
100%
2006 West Coast
100%
1994 West Coast
100%
1992 West Coast
100%
2016 Western Bulldogs
100%
1998 Adelaide
98%
1997 Adelaide
98%
2022 Geelong
98%
2011 Geelong
98%
2009 Geelong
98%
2007 Geelong
98%
2015 Hawthorn
98%
2014 Hawthorn
98%
2013 Hawthorn
98%
2008 Hawthorn
98%
1991 Hawthorn
98%
1989 Hawthorn
98%
1988 Hawthorn
98%
1986 Hawthorn
98%
1983 Hawthorn
98%
2021 Melbourne
98%
2004 Port Adelaide
96%
1995 Carlton
94%
1987 Carlton
94%
1982 Carlton
94%
1981 Carlton
94%
No matching quizzes found
Score Distribution
Percent of People with Each Score
Percentile by Number Answered
Your Score History
You have not taken this quiz